Normal view
MARC view
- Science and state
Entry Topical Term
001 - CONTROL NUMBER
- control field: 50719
003 - CONTROL NUMBER IDENTIFIER
- control field: NUST
005 - DATE AND TIME OF LATEST TRANSACTION
- control field: 20210314134729.0
008 - FIXED-LENGTH DATA ELEMENTS
- fixed length control field: 210314|| aca||aabn | a|a d
040 ## - CATALOGING SOURCE
- Original cataloging agency: NUST
- Transcribing agency: NUST
150 ## - HEADING--TOPICAL TERM
- Topical term or geographic name entry element: Science and state
670 ## - SOURCE DATA FOUND
- Source citation: Work cat.: (NUST): Russell, Bertrand, 37020, Icarus; or, The future of science,, [c1924]
